000 02244nam a2200241 i 4500
001 Rebiun35030516
007 ta
008 240208s2024 sp a 000 0 d
017 _aB 17828-2023
020 _a9788419951335
040 _aUGR
_dBUC
_ctbs
041 _aspa
100 _aQuian Quiroga, Rodrigo
_925290
_eauthor
245 1 0 _aCosas que nunca creeríais
_b: de la ciencia ficción a la neurociencia
_c/ Rodrigo Quian Quiroga.
260 _aBarcelona :
_bDebate,
_c2024.
300 _a349 pages :
_billustrations ;
_c23 cm
490 _aCiencia y Tecnología
520 _aEl prestigioso físico y neurocientífico Rodrigo Quian Quiroga, descubridor de las neuronas de concepto (también llamadas de Jennifer Aniston, porque responden a estímulos tan específicos como la imagen de la actriz) abre en Cosas que nunca creeríais las puertas a un viaje fantástico hacia cómo los avances en la neurociencia están materializando imaginarios antes reservados para las películas de ciencia ficción: desde borrar recuerdos hasta implantar prótesis neuronales o leer la mente. Así, películas como Origen, Blade Runner, 2001: Odisea en el espacio o El planeta de los simios se convierten en un fértil campo de trabajo, no exento de importantes retos filosóficos, para las decenas de científicos que, como Quian Quiroga, trabajan diariamente para aproximar la fantasía a la realidad.
520 _aThe renowned physicist and neuroscientist Rodrigo Quian Quiroga, discoverer of concept cells (also known as Jennifer Aniston neurons, because they respond to stimuli as specific as the image of the actress), opens the door in Things You Would Never Believe to a fascinating journey into how advances in neuroscience are making real what was once confined to science fiction: from erasing memories to implanting neural prosthetics or reading minds. Films like Inception, Blade Runner, 2001: A Space Odyssey, or Planet of the Apes thus become a fertile field of exploration—one not without major philosophical challenges—for the many scientists who, like Quian Quiroga, work daily to bring fantasy closer to reality.
650 0 _aNeurosciences
_911153
650 0 _aNeurosciences
_xPopular works
_911755
942 _2lcc
999 _c4691
_d4691